The Pet encyclopedia /

Bibliographic Details
Other Authors: Manolson, Frank
Format: Book
Language:English
Published: Nashville, Tenn. : Varsity Company, [1981]
Subjects:

MARC

Tag First Indicator Second Indicator Subfields
LEADER 00000cam a22000005a 4500
001 in00000090247
005 20151008065643.0
008 820721s1981 tnua b 00100 eng
010 |a  81001851  
020 |a 0840740794 
035 |a (OCoLC)08617562 
035 |9 AAK6335AM 
040 |a DLC  |c ECU  |d TXA  |d UtOrBLW 
049 |a TXAM  |c [1561128] 
050 0 0 |a SF411.5  |b  P47 
092 |a 636.0887  |b P 
245 0 4 |a The Pet encyclopedia /  |c general editor, Frank Manolson ; advisory editors, Leonard Black [and others]. 
264 1 |a Nashville, Tenn. :  |b Varsity Company,  |c [1981] 
264 4 |c ©1981 
300 |a 368 pages :  |b illustrations (some color) ;  |c 29 cm. 
336 |a text  |b txt  |2 rdacontent 
337 |a unmediated  |b n  |2 rdamedia 
338 |a volume  |b nc  |2 rdacarrier 
500 |a Includes index. 
504 |a Bibliography: page [362]. 
650 0 |a Pets. 
700 1 |a Manolson, Frank. 
999 |a MARS 
999 f f |s deefed5d-627e-318b-8d0d-fba0f961e101  |i b653aa5a-d527-3f54-b110-a8e82bd6689a  |t 0 
952 f f |p ric  |a Texas A&M University  |b Rellis Campus  |c Joint Library Facility  |d Remote Storage  |t 0  |e SF411.5 P47  |h Library of Congress classification  |i unmediated -- volume  |m A14805991025 
998 f f |a SF411.5 P47  |t 0  |l Remote Storage